02267nam a2200337Ia 4500001000700000008004100007035001500048041000800063084001900071110007200090245005900162260002600221300002300247500122300270650001701493650003501510650003301545650002001578650001501598650002501613650004001638700003401678901000601712903000701718904000801725953004201733999001501775910000901790942001401799952011601813004307221003s2001 xx 000 0 spa d aCENDO_8901 aspa aMU-00018-00010 aPSOE.bComisión Ejecutiva FederalcSecretaría de Igualdad99076 0a<[>Iniciativas parlamentarias presentadas por el PSOE] a[S.l. :bs.n.],c2001 a[32] p. ;c 30 cm aContiene : Proposición no de Ley por la que se crea el permiso por paternidad; Proposición no de Ley sobre medidas para que el Instituto de la Mujer recupere el protagonismo político necesario para poder marcar y dirigir las políticas de igualdad; Proposición no de Ley sobre la incorporación de la Historia de las mujeres y la literatura de autoras en los objetivos y contenidos de las enseñanzas mínimas de la Educación Secundaria Obligatoria; Proposición no de Ley sobre las actuaciones necesarias para tener en cuenta el género del solicitante en la tramitación de los procedimientos de asilo; Proposición no de Ley relativa para desarrollar en colaboración con las Comunidades Autónomas, un plan específico dirigido a favorecer la incorporación en el empleo de mujeres que son víctimas de violencia de género; Proposición no de Ley sobre creación de una Seción Especializada en las Audiencias Provinciales para las víctimas de la violencia doméstica; Declaración institucional aprobada por todos los grupos parlamentarios con motivo del día 8 de marzo; Pregunta del grupo socialista sobre el I Plan de Acción contra la Violencia y contestación del Gobierno. aMUJERES9199 0aIGUALDAD DE OPORTUNIDADES9590 aLICENCIA DE PATERNIDAD94296 0aVIOLENCIA92442 aEMPLEO951 aPLAN DE ACCION91075 0aDIA INTERNACIONAL DE LA MUJER97831 aNAVARRO GARZON, Micaela99077 a2 aNO a000 d2001-03-27yDOCUMENTOoMU-00018-00010 c8900d8900 a2001 cDOCUMENTO 00104070aCENDObCENDOd2001-03-27l0oMU-00018-00010pCENDO_8901r2022-10-05 00:00:00w2022-10-05yDOCUMENTO